Basic Environmental chemistry (Record no. 3668)

MARC details
000 -LEADER
fixed length control field 00367nam a22001457a 4500
008 - FIXED-LENGTH DATA ELEMENTS--GENERAL INFORMATION
fixed length control field 250525b |||||||| |||| 00| 0 eng d
020 ## - INTERNATIONAL STANDARD BOOK NUMBER
ISBN 9780755101
100 ## - MAIN ENTRY--AUTHOR
Author Nsi E.W.
245 ## - TITLE STATEMENT
Title Basic Environmental chemistry
260 ## - PUBLICATION, DISTRIBUTION, ETC. (IMPRINT)
Place of publication Makurdi
Name of publisher The return press ltd
Date of publication 2007
300 ## - COLLATION
Pagination x,211p.
650 ## - TRACINGS
Main Subject Environmental chemistry
942 ## - ADDED ENTRY ELEMENTS (KOHA)
Item type Books
050 ## - LIBRARY OF CONGRESS CALL NUMBER
Classification number TD193
Item number .N75
Holdings
Source of classification or shelving scheme Not for loan Permanent location Current location Date acquired Accession No. Full call number Barcode. Koha item type
Library of Congress Classification   Engineering Library Engineering Library 05/25/2025 2023-61367 TD193.N75 2025-2184 Books